000
00280nam a2200121Ia 4500
005
20251222144641.0
008
251222s9999||||xx |||||||||||||| ||spa||
082
_a
256.4/M22
100
_a
Manjón, Andrés
245
0
_a
Le scuole dell' Ave María
264
_b
Avio
942
_c
LIB
999
_c
16683
_d
16683